| 000 | 00563nam a2200193Ia 4500 | ||
|---|---|---|---|
| 005 | 20250508162708.0 | ||
| 008 | 008 250505s9999 xx 000 0 eng d | ||
| 037 | _aTextual | ||
| 040 |
_aFEDL _beng _cFEDL |
||
| 041 |
_aeng _2eng |
||
| 084 |
_a378.54, AMR _qFEDL |
||
| 100 | _aAmrik Singh Ed. | ||
| 245 | 0 | _aHigher education in India : The institutional context | |
| 260 |
_aDelhi, India _bKonark Publishers Private Ltd. |
||
| 300 | _a364p. | ||
| 700 |
_a Sharma G D Ed. _9773841 |
||
| 942 |
_cTEXL _h378.54, AMR |
||
| 999 |
_c1378102 _d1378102 |
||